| 000 | 00670nam a2200241 i 4500 | ||
|---|---|---|---|
| 001 | 10815 | ||
| 003 | ES-MaACL | ||
| 005 | 20240510063017.0 | ||
| 007 | t| | ||
| 008 | 951106s1995 sp ||||1| spa d | ||
| 020 | _a8486351650 | ||
| 080 | _a860-14"19" | ||
| 100 | 1 |
_aRomero, Isabel. _999328 |
|
| 245 | 1 | 0 |
_aFrente a la noche / _cIsabel Romero. |
| 250 | _a[1ª ed.]. | ||
| 260 |
_aHumanes, Madrid : _bJuan Pastor, _c1995. |
||
| 300 |
_a69 p. ; _c20 cm. |
||
| 490 | 1 |
_aDevenir. Serie Poesía ; _v85 |
|
| 830 | 0 | 0 |
_aDevenir. _pSerie Poesía ; _v85 _9236243 |
| 852 |
_aES-MaACL _jP-1931 N 85 _bR.124269 _911112 |
||
| 942 | _2udc | ||
| 999 |
_c10815 _d10815 |
||